[Event "Match"]
[Site "www.echecsemail.com"]
[Date "2016.06.16"]
[Round "1"]
[White "Hundegana"]
[Black "Coventry"]
[WhiteElo "1950"]
[BlackElo "1790"]
[Result "1-0"]
[Round "1"]
1.e4 c5
2.f4 d5
3.e5 d4
4.c3 Nb8c6
5.cxd4 cxd4
6.Bf1c4 e6
7.Ng1f3 Qd8b6
8.O-O Bc8d7
9.Kh1 Ra8c8
10.d3 Ng8h6
11.h3 Nh6f5
12.Kh2 Bf8e7
13.Nb1d2 Nf5e3
14.Rf1e1 Ne3xd1
15.Re1xd1 Nc6a5
16.b3 Na5xc4
17.dxc4 Bd7c6
18.Nf3g1 O-O
19.Bc1b2 Rf8d8
20.Nd2f1 Bc6e4
21.Nf1g3 Be4c6
22.Rd1d3 a5
23.a4 Be7c5
24.Ra1a2 Rd8d7
25.Kh1 Rc8d8
26.Bb2a3 Bc5xa3
27.Ra2xa3 Qb6b4
28.Ra3a1 b6
29.Kh2 Qb4c5
30.Ra1a2 g6
31.Ra2b2 Qc5e7
32.Ng1e2 h5
33.Rb2d2 Qe7c5
34.h4 Bc6b7
35.Kh3 Qc5c6
36.Ne2g1 Qc6c5
37.Kh2 Qc5e7
38.Kh3 f6
39.Ng1e2 fxe5
40.fxe5 g5
41.Ng3xh5 gxh4
42.Nh5f6 Kh8
43.Nf6xd7 Rd8xd7
44.Ne2f4 Qe7g5
45.Rd2f2 Rd7g7
46.Kh2 Qg5g3
47.Rd3xg3 hxg3
48.Kg1 gxf2
49.Kxf2 Rg7f7
50.g3 Bb7e4
51.Ke2 Rf7e7
52.Kd2 Kh7
53.Nf4e2 Re7g7
54.Ne2xd4 Rg7xg3
55.Nd4xe6 Rg3xb3
56.Ne6g5  { time }
1-0

[Event "Match"]
[Site "www.echecsemail.com"]
[Date "2016.06.16"]
[Round "1"]
[White "Stevep84"]
[Black "Genius7"]
[WhiteElo "2220"]
[BlackElo "1850"]
[Result "1-0"]
[Round "1"]
1.e4 e5
2.Ng1f3 Nb8c6
3.Bf1b5 g6
4.c3 a6
5.Bb5xc6 dxc6
6.d4 exd4
7.cxd4 Bf8g7
8.O-O Bc8g4
9.Bc1e3 Ng8e7
10.e5 Ne7d5
11.h3 Bg4xf3
12.Qd1xf3 O-O
13.Nb1d2 Qd8e7
14.Nd2e4 f5
15.Ne4g5 f4
16.Ng5xh7 Kxh7
17.Be3d2 Ra8d8
18.Qf3g4 Qe7d7
19.e6 Qd7e7
20.g3 Rf8f5
21.Qg4e2 fxg3
22.fxg3 Rd8f8
23.Qe2g4 Rf5xf1
24.Ra1xf1 Rf8xf1
25.Kxf1 Nd5f6
26.Qg4h4 Kg8
27.a3 Qe7xe6
28.Qh4f4 Nf6d5
29.Qf4h4  { time }
1-0

[Event "Match"]
[Site "www.echecsemail.com"]
[Date "2016.06.16"]
[Round "1"]
[White "Mars91"]
[Black "Azorau"]
[WhiteElo "1789"]
[BlackElo "1860"]
[Result "0-1"]
[Round "1"]
1.d4 b6
2.c4 Bc8a6
3.e3 Ng8f6
4.Nb1c3 g6
5.Bf1d3 Bf8g7
6.Ng1f3 O-O
7.O-O Rf8e8
8.Qd1e2 Nb8c6
9.a3 e5
10.Nf3xe5 Nc6xe5
11.dxe5 Re8xe5
12.Rf1d1 c6
13.Bc1d2 c5
14.Qe2f1 d5
15.cxd5 Ba6b7
16.e4 h6
17.Bd2f4 Re5e8
18.Rd1e1 g5
19.Bf4g3 Nf6h5
20.Ra1c1 a6
21.d6 Nh5xg3
22.fxg3 Bg7d4
23.Kh1 Qd8xd6
24.Qf1f5 Re8e5
25.Qf5f1 b5
26.Bd3b1 b4
27.axb4 cxb4
28.Nc3d5 Bb7xd5
29.exd5 Re5xd5
30.Bb1e4 Ra8d8
31.Be4xd5 Qd6xd5
32.Re1d1 Qd5e5
33.Rd1e1 Qe5a5
34.Re1e7 Rd8f8
35.Re7e4 Qa5b6
36.b3 Bd4b2
37.Rc1c4 Qb6b5
38.Re4e1 Bb2c3
39.Re1c1 a5
40.Qf1d3 Bc3b2
41.Rc1c2 Bb2c3
42.Rc4xc3 Rf8e8
43.h3 Qb5e5
44.Rc3c5 Qe5e1
45.Kh2 Qe1a1
46.Rc5c8 Qa1e5
47.Rc8xe8 { time. }
0-1

[Event "Match"]
[Site "www.echecsemail.com"]
[Date "2016.06.16"]
[Round "1"]
[White "Genius7"]
[Black "Chtoubidou"]
[WhiteElo "1850"]
[BlackElo "1970"]
[Result "0-1"]
[Round "1"]
1.d4 d6
2.e4 Ng8f6
3.Nb1c3 e5
4.dxe5 dxe5
5.Qd1xd8 Kxd8
6.Bc1g5 Bc8e6
7.O-O-O Ke8
8.Ng1f3 Nb8d7
9.a3 h6
10.Bg5xf6 gxf6
11.Nc3d5 Ra8c8
12.Kb1 c6
13.Nd5c3 Bf8e7
14.h3 Nd7b6
15.Bf1e2 Be7c5
16.Rh1f1 Ke7
17.Be2d3 Rh8g8
18.g4 Be6c4
19.b4 Bc5d4
20.Nf3xd4 exd4
21.Nc3e2 Bc4xd3
22.cxd3 Rg8d8
23.f4 Nb6a4
24.Rd1c1 c5
25.bxc5 Na4xc5
26.Rf1d1 b5
27.Ka2 a5
28.Kb2 b4
29.axb4 axb4
30.Rc1c2 Nc5a4
 { time }
0-1

[Event "Match"]
[Site "www.echecsemail.com"]
[Date "2016.06.16"]
[Round "1"]
[White "Robinjut"]
[Black "Llcervello"]
[WhiteElo "1480"]
[BlackElo "1610"]
[Result "1/2-1/2"]
[Round "1"]
1.e4 e5
2.Ng1f3 d6
3.d3 Bf8e7
4.Nb1c3 h6
5.h3 g5
6.Bc1e3 c5
7.Nc3d5 Ng8f6
8.Nd5xf6 Be7xf6
9.Qd1d2 O-O
10.Bf1e2 a5
11.a4 Nb8a6
12.c3 Qd8b6
13.O-O Qb6c6
14.b3 Bc8e6
15.c4 Qc6b6
16.Rf1b1 Na6b4
17.Ra1a3 Qb6d8
18.Nf3h2 Kh7
19.f3 h5
20.g4 h4
21.Kf2 { draw }
1/2-1/2

[Event "Match"]
[Site "www.echecsemail.com"]
[Date "2016.06.16"]
[Round "1"]
[White "Jasmartin"]
[Black "Picifarkinca"]
[WhiteElo "1810"]
[BlackElo "1780"]
[Result "1-0"]
[Round "1"]
1.b3 d5
2.Bc1b2 c5
3.e3 Nb8c6
4.Bf1b5 Bc8d7
5.Ng1f3 Qd8c7
6.O-O f6
7.c4 a6
8.Bb5xc6 Bd7xc6
9.cxd5 Bc6xd5
10.Nb1c3 Bd5c6
11.d4 Ra8d8
12.Qd1e2 e6
13.Rf1d1 Bf8d6
14.dxc5 Bd6xc5
15.Qe2c4 Rd8xd1
16.Ra1xd1 Qc7e7
17.Nc3e4 Bc6xe4
18.Qc4xe4 Ng8h6
19.Qe4a4 b5
20.Qa4xa6 O-O
21.Qa6xb5 Rf8c8
22.Rd1c1 { resign }
1-0

[Event "Tourn. n8804"]
[Site "www.chess-mail.com"]
[Date "2016.06.17"]
[Round "1"]
[White "Picifarkinca"]
[Black "Esperanza"]
[WhiteElo "1920"]
[BlackElo "1819"]
[Result "1/2-1/2"]
[Round "1"]
1.d4 Ng8f6
2.c4 g6
3.Nb1c3 Bf8g7
4.e4 d6
5.h3 O-O
6.Ng1f3 e5
7.d5 a5
8.Bc1e3 Nb8d7
9.Bf1d3 b6
10.O-O Nd7c5
11.Bd3c2 Nf6h5
12.Nf3d2 Nh5f4
13.Ra1b1 Qd8g5
14.Be3xf4 Qg5xf4
15.Qd1e2 { draw }
1/2-1/2

[Event "Tourn. n8796"]
[Site "www.chess-mail.com"]
[Date "2016.06.17"]
[Round "1"]
[White "Awfen"]
[Black "Picifarkinca"]
[WhiteElo "2020"]
[BlackElo "1910"]
[Result "1/2-1/2"]
[Round "1"]
1.e4 c6
2.Ng1f3 d5
3.e5 Bc8f5
4.Nf3d4 Bf5g6
5.d3 e6
6.Bf1e2 Nb8d7
7.f4 Qd8b6
8.c3 c5
9.Nd4f3 Ng8e7
10.O-O Ne7c6
11.Nb1d2 Bf8e7
12.Rf1f2 O-O
13.Nd2b3 f6
14.d4 fxe5
15.fxe5 a5
16.Nb3d2 cxd4
17.cxd4 Nc6xd4
18.Nf3xd4 Qb6xd4
{ draw }
1/2-1/2

[Event "Tourn. n8801"]
[Site "www.chess-mail.com"]
[Date "2016.06.17"]
[Round "1"]
[White "Claudia"]
[Black "Malbertan"]
[WhiteElo "1960"]
[BlackElo "2020"]
[Result "1-0"]
[Round "1"]
1.d4 e5
2.dxe5 Nb8c6
3.Ng1f3 Qd8e7
4.e3 Nc6xe5
5.Bf1e2 Ng8f6
6.O-O d5
7.Nb1c3 c6
8.b3 Bc8g4
9.Bc1b2 Ne5xf3
10.Be2xf3 Bg4xf3
11.Qd1xf3 Qe7e6
12.Rf1e1 Bf8e7
13.e4 dxe4
14.Nc3xe4 Nf6xe4
15.Re1xe4 Qe6d6
16.Ra1e1 { resign }
1-0

[Event "Tourn. n8777"]
[Site "www.chess-mail.com"]
[Date "2016.06.17"]
[Round "1"]
[White "Picifarkinca"]
[Black "Taxrama"]
[WhiteElo "1780"]
[BlackElo "1729"]
[Result "1/2-1/2"]
[Round "1"]
1.Ng1f3 d5
2.c4 Ng8f6
3.d4 Nb8c6
4.Nb1c3 e6
5.Bc1g5 Bf8e7
6.e3 h6
7.Bg5h4 Be7b4
8.Bf1d3 b6
9.Qd1c2 Qd8d7
10.O-O Bb4e7
11.a3 Bc8b7
12.Ra1c1 O-O-O
13.cxd5 Nf6xd5
14.Bh4g3 f6
15.Nc3b5 a6
16.Nb5c3 f5
17.Nc3xd5 Be7d6
18.Bg3xd6 cxd6
19.Nd5xb6 Kb8
20.Nb6xd7 Rd8xd7
21.Qc2b3 Rh8e8
22.Rc1xc6 Ka8
23.Qb3b6 Re8d8
24.Bd3xa6 { draw }
1/2-1/2

[Event "Tourn. n8783"]
[Site "www.chess-mail.com"]
[Date "2016.06.17"]
[Round "1"]
[White "Cal"]
[Black "Esperanza"]
[WhiteElo "1550"]
[BlackElo "1569"]
[Result "0-1"]
[Round "1"]
1.c4 Ng8f6
2.d4 g6
3.Nb1c3 Bf8g7
4.e4 d6
5.h3 O-O
6.Ng1f3 e5
7.d5 Nb8d7
8.Bf1d3 a5
9.a4 Nd7c5
10.Bd3c2 Nf6h5
11.O-O Nh5f4
12.Bc1xf4 exf4
13.Nc3e2 g5
14.Ra1b1 h5
15.b3 Qd8f6
16.Nf3d4 g4
17.Nd4f5 Bc8xf5
18.exf5 gxh3
19.Ne2xf4 hxg2
20.Nf4xg2 Qf6g5
21.Qd1f3 Bg7e5
22.Kh1 Kh8
23.Qf3h3 Rf8g8
24.Rf1g1 Qg5h6
25.b4 axb4
26.Rb1xb4 Rg8g7
27.Rb4b1 b6
28.Rb1e1 Nc5xa4
29.Bc2xa4 Ra8xa4
30.Ng2h4 Ra4xc4
31.f6 Rg7xg1
32.Re1xg1 Rc4g4
33.Rg1xg4 hxg4
34.Qh3xg4 Be5xf6
35.f4 Qh6xh4
36.Qg4xh4 Bf6xh4
37.Kg2 b5
{ resign }
0-1

[Event "Tourn. n8798"]
[Site "www.chess-mail.com"]
[Date "2016.06.17"]
[Round "1"]
[White "Yangqi"]
[Black "Seger"]
[WhiteElo "2660"]
[BlackElo "2760"]
[Result "1/2-1/2"]
[Round "1"]
1.e4 c5
2.Ng1f3 e6
3.d4 cxd4
4.Nf3xd4 Ng8f6
5.Nb1c3 Nb8c6
6.Bc1e3 Bf8b4
7.Bf1d3 d5
8.exd5 Nf6xd5
9.Nd4xc6 bxc6
10.Be3d2 O-O
11.O-O Ra8b8
12.Rf1e1 Qd8c7
13.g3 Nd5xc3
14.bxc3 Bb4d6
{ draw }
1/2-1/2

[Event "Tourn. n8790"]
[Site "www.chess-mail.com"]
[Date "2016.06.17"]
[Round "1"]
[White "Picifarkinca"]
[Black "Claudia"]
[WhiteElo "1870"]
[BlackElo "1880"]
[Result "1/2-1/2"]
[Round "1"]
1.e4 c5
2.a3 d6
3.c4 Ng8f6
4.Nb1c3 e6
5.Ng1f3 Bf8e7
6.d4 cxd4
7.Nf3xd4 O-O
8.Bf1e2 a6
9.O-O Qd8c7
10.Bc1e3 Nb8c6
11.Ra1c1 Nc6xd4
12.Qd1xd4 Bc8d7
13.Qd4b6 Qc7xb6
14.Be3xb6 Bd7c6
15.Be2d3 { draw }
1/2-1/2

[Event "Tourn. n8763"]
[Site "www.chess-mail.com"]
[Date "2016.06.17"]
[Round "1"]
[White "Gandalf"]
[Black "Claudia"]
[WhiteElo "1600"]
[BlackElo "1830"]
[Result "0-1"]
[Round "1"]
1.c4 c5
2.Nb1c3 Nb8c6
3.Ng1f3 d6
4.d4 cxd4
5.Nf3xd4 Ng8f6
6.e4 e6
7.Bf1e2 Bf8e7
8.O-O a6
9.Bc1e3 O-O
10.Qd1d2 Qd8c7
11.Ra1c1 Nc6xd4
12.Be3xd4 Qc7b8
13.Rf1d1 Rf8d8
 { time }
0-1

[Event "Tourn. n8796"]
[Site "www.chess-mail.com"]
[Date "2016.06.17"]
[Round "1"]
[White "Picifarkinca"]
[Black "Esperanza"]
[WhiteElo "1910"]
[BlackElo "1819"]
[Result "1/2-1/2"]
[Round "1"]
1.e4 e6
2.d4 d5
3.Nb1d2 c5
4.Ng1f3 cxd4
5.Nf3xd4 dxe4
6.Nd2xe4 Ng8f6
7.Bc1g5 Bf8e7
8.Bf1b5 Nb8d7
9.Ne4xf6 Be7xf6
10.Bg5xf6 Qd8xf6
11.c3 O-O
12.O-O a6
13.Bb5e2 Nd7e5
14.Nd4f3 Ne5c6
15.Qd1c2 e5
16.Ra1d1 Bc8f5
17.Qc2d2 e4
18.Nf3d4 { draw }
1/2-1/2

[Event "Tourn. n8797"]
[Site "www.chess-mail.com"]
[Date "2016.06.17"]
[Round "1"]
[White "Olddog55"]
[Black "Cal"]
[WhiteElo "1630"]
[BlackElo "1540"]
[Result "1-0"]
[Round "1"]
1.d4 h6
2.e4 e6
3.Ng1f3 Ng8f6
4.Bf1d3 c6
5.O-O a6
6.e5 Nf6d5
7.c3 b5
8.Nb1d2 Bf8e7
9.Nd2e4 O-O
10.Nf3d2 Nd5f4
11.Nd2b3 a5
12.Bc1xf4 Bc8b7
13.Ne4d6 Be7xd6
14.exd6 a4
15.Nb3c5 Qd8f6
16.Bf4e5 Qf6g5
17.Nc5xb7 Ra8a7
18.f4 Qg5h4
19.g3 Qh4h3
20.Nb7c5 f6
21.f5 fxe5
22.g4 Qh3e3
23.Kh1 b4
24.Rf1f3 Qe3g5
25.fxe6 Rf8f4
26.e7 exd4
27.e8Q Rf4f8
28.Qe8xf8 
1-0

[Event "Tourn. n8768"]
[Site "www.chess-mail.com"]
[Date "2016.06.17"]
[Round "1"]
[White "Shlomo"]
[Black "Claudia"]
[WhiteElo "1770"]
[BlackElo "1830"]
[Result "0-1"]
[Round "1"]
1.e4 c5
2.Ng1f3 d6
3.h3 Ng8f6
4.Nb1c3 e6
5.Bf1c4 Bf8e7
6.O-O O-O
7.d4 cxd4
8.Nf3xd4 a6
9.a4 Qd8c7
10.b3 Rf8d8
11.Rf1e1 d5
12.exd5 exd5
13.Nc3xd5 Nf6xd5
14.Bc4xd5 Rd8xd5
15.c4 Rd5d8
16.Ra1a2 Nb8c6
17.Ra2d2 Nc6xd4
18.Rd2xd4 Bc8e6
19.Bc1b2 Rd8xd4
20.Qd1xd4 Be7f6
21.Qd4d2 Ra8d8
22.Qd2c2 Bf6xb2
23.Qc2xb2 h6
24.Re1e4 Rd8d1
{ resign }
0-1

[Event "Tourn. n8768"]
[Site "www.chess-mail.com"]
[Date "2016.06.17"]
[Round "1"]
[White "Claudia"]
[Black "Picifarkinca"]
[WhiteElo "1830"]
[BlackElo "1780"]
[Result "1/2-1/2"]
[Round "1"]
1.d4 e6
2.c4 Ng8f6
3.Nb1c3 Bf8b4
4.e3 O-O
5.Ng1e2 d5
6.a3 Bb4e7
7.cxd5 exd5
8.Ne2f4 c6
9.Bf1d3 Nb8d7
10.O-O Be7d6
11.f3 Qd8c7
12.g3 Bd6xf4
13.gxf4 Qc7d8
14.Kh1 Nf6e8
15.f5 Nd7b6
16.Rf1g1 Qd8f6
17.Qd1c2 Bc8d7
18.Nc3e2 Kh8
19.Ne2g3 Qf6h4
{ draw }
1/2-1/2

[Event "Tourn. n8791"]
[Site "www.chess-mail.com"]
[Date "2016.06.17"]
[Round "1"]
[White "Jjmcbride"]
[Black "Gegonz"]
[WhiteElo "1650"]
[BlackElo "1660"]
[Result "0-1"]
[Round "1"]
1.e4 c5
2.c3 d6
3.Ng1f3 Nb8c6
4.h3 Ng8f6
5.Bf1d3 e6
6.O-O Bf8e7
7.b4 cxb4
8.c4 Bc8d7
9.Bc1b2 { time. }
0-1

[Event "Tourn. n8756"]
[Site "www.chess-mail.com"]
[Date "2016.06.17"]
[Round "1"]
[White "Cheminet"]
[Black "Fred"]
[WhiteElo "2030"]
[BlackElo "1930"]
[Result "0-1"]
[Round "1"]
1.e4 e5
2.Ng1f3 Nb8c6
3.Bf1c4 Bf8c5
4.c3 d6
5.d4 exd4
6.cxd4 Bc5b4
7.Nb1c3 Bc8g4
8.h3 Bg4xf3
9.Qd1xf3 Qd8f6
10.Bc1e3 Qf6xf3
11.gxf3 Ng8f6
12.Rh1g1 g6
13.Be3g5 Nf6d7
14.O-O-O f6
15.Bg5h4 O-O-O
16.Bc4e6 g5
17.Bh4g3 Kb8
18.f4 Nd7f8
19.Be6g4 Nf8g6
20.fxg5 fxg5
21.Nc3d5 h5
22.Nd5xb4 Nc6xb4
23.Bg4e6 h4
24.Bg3h2 Rh8f8
25.a3 Rf8xf2
26.axb4 Rf2xh2
27.Rg1xg5 Ng6f4
28.Be6g4 a6
29.e5 dxe5
30.Rg5xe5 Nf4xh3
31.b5 Nh3f2
32.Rd1d2 Nf2xg4
33.Rd2xh2 Ng4xh2
34.bxa6 bxa6
35.d5 Rd8f8
36.b4 Nh2f3
37.Re5e2 Rf8f4
{ resign }
0-1

[Event "Tourn. n8806"]
[Site "www.chess-mail.com"]
[Date "2016.06.17"]
[Round "1"]
[White "Cal"]
[Black "Daquata"]
[WhiteElo "1570"]
[BlackElo "1690"]
[Result "0-1"]
[Round "1"]
1.h3 e5
2.e4 Ng8f6
3.d3 d5
4.exd5 Nf6xd5
5.a3 Nb8c6
6.Ng1f3 Bf8e7
7.Nb1c3 Nd5xc3
8.bxc3 Bc8f5
9.Bc1b2 Be7f6
10.Bf1e2 O-O
11.O-O Rf8e8
12.a4 Qd8d7
13.Nf3h2 Ra8d8
14.f4 exf4
15.Be2f3 b6
16.d4 Nc6a5
17.d5 Na5c4
18.Bb2c1 Bf6xc3
19.Bc1xf4 Bc3xa1
20.Qd1xa1 Bf5e4
21.Bf3xe4 Re8xe4
22.Qa1c3 Qd7xd5
23.Bf4xc7 Qd5c5
24.Kh1 Qc5xc7
25.Nh2f3 Qc7e7
26.Nf3h2 Nc4a5
27.Nh2g4 Rd8e8
28.Qc3g3 Re4e1
29.Rf1xe1 Qe7xe1
30.Kh2 Qe1xg3
31.Kxg3 Re8e2
32.c3 Re2a2
{ resign }
0-1

[Event "Tourn. n8816"]
[Site "www.chess-mail.com"]
[Date "2016.06.17"]
[Round "1"]
[White "Fabos12"]
[Black "Picifarkinca"]
[WhiteElo "1870"]
[BlackElo "1960"]
[Result "1/2-1/2"]
[Round "1"]
1.Ng1f3 d5
2.d4 Ng8f6
3.c4 c6
4.cxd5 cxd5
5.Nb1c3 e6
6.Bc1g5 Bf8e7
7.Bg5xf6 Be7xf6
8.e3 O-O
9.e4 dxe4
{ draw }
1/2-1/2

[Event "Tourn. n8785"]
[Site "www.chess-mail.com"]
[Date "2016.06.17"]
[Round "1"]
[White "Jhzes"]
[Black "Coventry"]
[WhiteElo "2229"]
[BlackElo "2000"]
[Result "1-0"]
[Round "1"]
1.Ng1f3 d5
2.d4 Ng8f6
3.c4 e6
4.c5 b6
5.cxb6 axb6
6.Bc1d2 Bf8d6
7.e3 O-O
8.a3 c5
9.dxc5  { time }
1-0

[Event "Tourn. n8805"]
[Site "www.chess-mail.com"]
[Date "2016.06.17"]
[Round "1"]
[White "Raven16"]
[Black "Julian"]
[WhiteElo "2170"]
[BlackElo "2070"]
[Result "1-0"]
[Round "1"]
1.d4 d5
2.c4 e6
3.Nb1c3 Ng8f6
4.Bc1g5 Bf8e7
5.Ng1f3 O-O
6.e3 c6
7.Bf1d3 h6
8.Bg5h4 Nb8d7
9.O-O dxc4
10.Bd3xc4 b5
11.Bc4d3 a6
12.e4 c5
13.e5 Nf6d5
14.Bh4g3 cxd4
15.Nc3xd5 exd5
16.Nf3xd4 Qd8b6
17.Ra1c1 Nd7c5
18.Bd3b1 Nc5e4
19.Qd1d3 Ne4xg3
20.Qd3h7 
1-0

[Event "Tourn. n8787"]
[Site "www.chess-mail.com"]
[Date "2016.06.17"]
[Round "1"]
[White "Picifarkinca"]
[Black "Claudia"]
[WhiteElo "1840"]
[BlackElo "1870"]
[Result "1/2-1/2"]
[Round "1"]
1.Ng1f3 d5
2.d4 Ng8f6
3.c4 e6
4.Bc1g5 Bf8e7
5.Nb1c3 O-O
6.e3 h6
7.Bg5h4 b6
8.Ra1c1 Bc8b7
9.Bf1e2 c5
10.O-O Nb8d7
11.Bh4xf6 Nd7xf6
12.Qd1c2 Ra8c8
13.Rf1d1 cxd4
14.exd4 a6
15.cxd5 Nf6xd5
16.Qc2b1 { draw }
1/2-1/2

[Event "Tourn. n8707"]
[Site "www.chess-mail.com"]
[Date "2016.06.17"]
[Round "1"]
[White "Julian"]
[Black "Milkyway"]
[WhiteElo "2090"]
[BlackElo "2269"]
[Result "0-1"]
[Round "1"]
1.e4 d5
2.exd5 Qd8xd5
3.Nb1c3 Qd5a5
4.d4 c6
5.Ng1f3 Bc8f5
6.Bf1c4 e6
7.O-O Ng8f6
8.Rf1e1 Bf8e7
9.Bc1f4 O-O
10.Nf3h4 Bf5g6
11.Nh4xg6 hxg6
12.Bc4b3 Rf8d8
13.Qd1d2 Nb8d7
14.Ra1d1 Be7b4
15.a3 Bb4xc3
16.Qd2xc3 Qa5xc3
17.bxc3 Nf6d5
18.Bf4d2 Ra8c8
19.c4 Nd5f6
20.d5 cxd5
21.cxd5 Nf6xd5
22.Bd2g5 Rd8e8
23.c4 Nd5f6
24.f4 Re8d8
25.g4 Nd7c5
26.Bb3c2 Rd8xd1
27.Re1xd1 Nf6xg4
28.Rd1d4 Ng4e3
29.Bc2d1 Ne3xd1
30.Rd4xd1 f6
31.Bg5h4 Nc5e4
32.Rd1d4 Ne4c5
33.Rd4d6 Rc8c7
34.Bh4f2 b6
35.Bf2xc5 Rc7xc5
36.Rd6xe6 Rc5xc4
37.Re6e7 Rc4a4
38.Kg2 Ra4xa3
39.h4 b5
40.Re7b7 a6
41.Rb7a7 b4
{ resign }
0-1

[Event "Tourn. n8742"]
[Site "www.chess-mail.com"]
[Date "2016.06.17"]
[Round "1"]
[White "Genius2"]
[Black "Osopanda"]
[WhiteElo "2000"]
[BlackElo "1900"]
[Result "1-0"]
[Round "1"]
1.e4 c5
2.c4 e6
3.Nb1c3 a6
4.Ng1f3 d6
5.d4 cxd4
6.Nf3xd4 Ng8f6
7.Bf1e2 Bf8e7
8.O-O O-O
9.Bc1e3 Qd8c7
10.Ra1c1 Nb8d7
11.b3 Ra8b8
12.h3 Nd7c5
13.Be2d3 Nc5xd3
14.Qd1xd3 Rf8d8
15.Rf1d1 b6
16.f3 Bc8b7
17.Qd3e2 Nf6d7
18.Qe2f2 d5
19.cxd5 exd5
20.Nc3xd5 Qc7e5
21.Be3f4 Be7c5
22.Bf4xe5 Nd7xe5
23.Rc1xc5 bxc5
24.Nd4f5 Bb7xd5
25.Rd1xd5 Rd8xd5
26.exd5 c4
27.bxc4 Ne5xc4
28.d6 Rb8b1
29.Kh2 g6
30.Qf2c2 { resign }
1-0

[Event "Match"]
[Site "www.echecsemail.com"]
[Date "2016.06.17"]
[Round "1"]
[White "Mars91"]
[Black "Mrmoto"]
[WhiteElo "1789"]
[BlackElo "1570"]
[Result "1-0"]
[Round "1"]
1.d4 Ng8f6
2.Ng1f3 d5
3.Bc1f4 Bc8f5
4.e3 h6
5.Bf1d3 Bf5xd3
6.Qd1xd3 e6
7.O-O a6
8.Nb1d2 c5
9.c3 a5
10.Bf4xb8 Qd8xb8
11.dxc5 Bf8xc5
12.Nd2b3 Bc5d6
13.h3 O-O
14.c4 dxc4
15.Qd3xc4 b5
16.Qc4e2 a4
17.Nb3d4 e5
18.Nd4f5 e4
19.Nf3d4 Ra8a6
20.Nf5xd6 Qb8xd6
21.Qe2xb5 Ra6b6
22.Qb5xa4 Rb6xb2
23.Ra1d1 Rb2b8
24.Nd4f5 Qd6e5
25.Nf5d4 Rb8a8
26.Qa4b3 Ra8b8
27.Qb3c3 Rb8c8
28.Qc3b2 Rf8e8
29.Rd1c1 Rc8xc1
30.Rf1xc1 Kh7
31.Qb2b5 Qe5xb5
32.Nd4xb5 Re8a8
33.Rc1c2 Nf6d5
34.Nb5d6 Nd5b4
35.Rc2b2 Nb4xa2
36.Nd6xe4 f5
37.Ne4g3 Na2c3
38.Rb2c2 Kg6
39.Rc2xc3 Ra8a1
40.Kh2 Kg5
41.Rc3c6 f4
42.exf4 Kxf4
43.Rc6g6 { resign }
1-0

[Event "Match"]
[Site "www.echecsemail.com"]
[Date "2016.06.17"]
[Round "1"]
[White "Genius9"]
[Black "Pellix84"]
[WhiteElo "1770"]
[BlackElo "2020"]
[Result "1-0"]
[Round "1"]
1.d4 Ng8f6
2.c4 e6
3.Ng1f3 c5
4.e3 Nb8c6
5.Nb1c3 b6
6.a3 Bc8b7
7.Bf1e2 a6
8.O-O Bf8d6
9.dxc5 Bd6xc5
10.b4 Bc5d6
11.Qd1xd6 Nc6e7
12.Bc1b2 Ra8c8
13.Rf1d1 Ne7f5
14.Qd6d2 Qd8c7
15.Nf3d4 Nf5h4
16.Be2f1 Nf6g4
17.f4 g5
18.h3 Ng4h6
19.fxg5 Nh6f5
20.Nd4xf5 exf5
21.Nc3d5 Bb7xd5
22.Qd2xd5 Rh8g8
23.Bb2e5 Qc7c6
24.Be5f6 Qc6xd5
25.Rd1xd5 Rc8c6
26.Rd5e5 Rc6e6
27.Re5xe6 fxe6
28.c5 b5
29.a4 Rg8g6
30.axb5 { resign }
1-0

[Event "Match"]
[Site "www.echecsemail.com"]
[Date "2016.06.17"]
[Round "1"]
[White "Genius4"]
[Black "Fbeley"]
[WhiteElo "1720"]
[BlackElo "2000"]
[Result "0-1"]
[Round "1"]
1.c4 c5
2.Nb1c3 Nb8c6
3.Ng1f3 e6
4.d4 Ng8f6
5.e3 d5
6.a3 Bf8e7
7.cxd5 exd5
8.Bf1b5 Bc8d7
9.Bb5xc6 Bd7xc6
10.Nf3e5 Qd8c7
11.O-O O-O
12.Bc1d2 c4
13.Rf1e1 Be7d6
14.f4 b5
15.Re1f1 a5
16.Nc3e2 Nf6e4
 { time }
0-1

[Event "Match"]
[Site "www.echecsemail.com"]
[Date "2016.06.17"]
[Round "1"]
[White "Genius4"]
[Black "Liencam2"]
[WhiteElo "1720"]
[BlackElo "2360"]
[Result "0-1"]
[Round "1"]
1.d4 Ng8f6
2.c4 g6
3.g3 Bf8g7
4.Bf1g2 c5
5.Ng1f3 Nb8c6
6.dxc5 Qd8a5
7.Nb1c3 Nf6e4
8.Bc1d2 Ne4xc3
9.Bd2xc3 Bg7xc3
10.bxc3 Qa5xc3
11.Nf3d2 Qc3b4
12.O-O Qb4xc5
13.Qd1b3 Nc6d4
14.Qb3d1 Ra8b8
 { time }
0-1

[Event "Match"]
[Site "www.echecsemail.com"]
[Date "2016.06.17"]
[Round "1"]
[White "Mrmoto"]
[Black "Genius4"]
[WhiteElo "1630"]
[BlackElo "1720"]
[Result "1-0"]
[Round "1"]
1.c4 d6
2.g3 e5
3.Bf1g2 Nb8c6
4.d3 Ng8f6
5.Ng1f3 Bf8e7
6.Nb1c3 O-O
7.O-O a6
8.Nc3d5 Nf6xd5
9.cxd5 Nc6b8
10.Bc1d2 Nb8d7
11.e4 Nd7c5
12.Bd2b4 Nc5d7
13.d4 exd4
14.Nf3xd4 Nd7e5
15.b3  { time }
1-0

[Event "Match"]
[Site "www.echecsemail.com"]
[Date "2016.06.17"]
[Round "1"]
[White "Cal"]
[Black "Kampungboy"]
[WhiteElo "1670"]
[BlackElo "1499"]
[Result "1/2-1/2"]
[Round "1"]
1.c4 g6
2.e4 Bf8g7
3.d4 d6
4.h3 a6
5.Ng1f3 e6
6.Bc1e3 b6
7.Nb1c3 Bc8b7
8.Bf1d3 Ng8e7
9.Nf3g5 h6
10.Ng5f3 O-O
11.O-O Nb8d7
12.Nf3h2 c5
13.Nc3e2 d5
14.cxd5 exd5
15.e5 cxd4
16.Be3f4 Nd7xe5
17.Bf4xe5 Bg7xe5
18.f4 Be5g7
19.Nh2g4 Ne7c6
20.Ne2g3 h5
21.Ng4h2 Rf8e8
22.f5 Qd8g5
23.fxg6 fxg6
24.Rf1f3 Nc6e5
25.Ng3f1 Ne5xf3
26.Nh2xf3 Qg5f6
27.Bd3c2 Ra8c8
28.Bc2d3 Bg7h6
29.Nf1g3 Bh6e3
{ draw }
1/2-1/2

[Event "1/16 Finale"]
[Site "www.chess-mail.com"]
[Date "2016.06.17"]
[Round "1"]
[White "Fjpv"]
[Black "Julian"]
[WhiteElo "2690"]
[BlackElo "2050"]
[Result "1-0"]
[Round "1"]
1.e4 c5
2.c3 Nb8c6
3.d4 cxd4
4.cxd4 d5
5.exd5 Qd8xd5
6.Ng1f3 Bc8g4
7.Nb1c3 Qd5a5
8.d5 Nc6b4
9.Bf1b5 Bg4d7
10.Bb5xd7 Kxd7
11.a3 Ra8d8
12.Bc1e3 Nb4a6
13.b4 Qa5c7
14.Qd1a4 Kc8
15.Nc3b5 Qc7d7
16.Be3xa7 Ng8f6
17.Ra1c1 { resign }
1-0

[Event "Eq:SIETE ESTRELLAS VERDES-Royal chess : "]
[Site "www.chess-mail.com"]
[Date "2016.06.17"]
[Round "1"]
[White "Genius7"]
[Black "Paco"]
[WhiteElo "1780"]
[BlackElo "1850"]
[Result "0-1"]
[Round "1"]
1.c4 d5
2.cxd5 Qd8xd5
3.Nb1c3 Qd5a5
4.d4 e5
5.dxe5 Bf8b4
6.Bc1d2 Qa5xe5
7.Ng1f3 Qe5a5
8.a3 Bb4xc3
9.Bd2xc3 Qa5b6
10.e3 Ng8f6
11.Bf1e2 O-O
12.O-O Bc8e6
13.Nf3d4 Rf8d8
14.Qd1c2 c5
15.Nd4xe6 Qb6xe6
16.Be2f3 Rd8d7
17.Ra1d1 Nb8c6
18.Bc3xf6 Rd7xd1
19.Rf1xd1 Qe6xf6
20.Bf3xc6 Qf6xc6
21.h3 h5
22.e4 b5
23.Rd1d5 g6
24.Qc2xc5 Qc6a6
25.Qc5xb5 Qa6f6
26.e5 Qf6f4
27.Qb5c6 Ra8b8
28.b4 a5
29.Rd5xa5 Kg7
30.Qc6f6 Qf4xf6
31.exf6 Kxf6
32.Ra5a6 Kg7
33.Kf1 Rb8c8
34.b5 Kf8
35.a4 Ke7
36.b6 Kd7
37.Ra6a7 Kc6
 { time }
0-1

[Event "Tourn. n8657"]
[Site "www.chess-mail.com"]
[Date "2016.06.18"]
[Round "1"]
[White "Ditto"]
[Black "Falcoale"]
[WhiteElo "1620"]
[BlackElo "1730"]
[Result "1-0"]
[Round "1"]
1.d4 Ng8f6
2.c4 e6
3.Ng1f3 b6
4.Bc1g5 h6
5.e3 hxg5
6.Bf1e2 Bc8b7
7.Nb1c3 Bf8b4
8.O-O g4
9.Nf3e5 Nf6e4
10.Be2xg4 Ne4xc3
11.bxc3 Bb4xc3
12.Ra1b1 d6
13.Ne5f3 f5
14.Bg4h3 g5
15.Qd1d3 Bb7xf3
16.gxf3 Bc3a5
17.Bh3g2 Nb8c6
18.a3 Qd8f6
19.Qd3c2 Qf6h6
20.h3 g4
21.fxg4 fxg4
22.Bg2xc6 Ke7
23.f4 Qh6xh3
24.Bc6g2 Qh3h2
25.Kf2 Qh2h4
26.Ke2 Ra8f8
27.Qc2a4 Qh4h2
28.Qa4c6 Kf6
29.Qc6e4 Ke7
30.Qe4g6 Qh2xg2
31.Rf1f2 Qg2h3
32.Qg6g5 Kd7
33.Qg5g6 Qh3h6
34.Qg6xg4 Qh6h5
35.Rb1g1 Rh8g8
36.Qg4xh5 Rg8xg1
37.Qh5h7 Kc8
38.Qh7e4 Rg1e1
39.Kf3 Kd7
40.Qe4h7 Rf8f7
41.Qh7xf7 Kc6
42.Qf7xe6 Re1a1
43.a4 Ra1a3
44.Qe6e8 Kb7
45.Rf2g2 { resign }
1-0

[Event "Tourn. n8779"]
[Site "www.chess-mail.com"]
[Date "2016.06.18"]
[Round "1"]
[White "Genius2"]
[Black "Romaamor69"]
[WhiteElo "2080"]
[BlackElo "2160"]
[Result "0-1"]
[Round "1"]
1.d4 f5
2.h4 e6
3.Ng1f3 Ng8f6
4.Bc1g5 Bf8e7
5.e3 O-O
6.c3 b6
7.Nb1d2 Bc8b7
8.Bf1d3 c5
9.O-O cxd4
10.exd4 Nf6e4
11.Bg5xe7 Qd8xe7
12.Qd1e2 Ne4xd2
13.Nf3xd2 Qe7xh4
14.Nd2f3 Qh4g4
15.Qe2e3 f4
16.Qe3e2 Rf8f6
17.Bd3e4 Qg4h5
{ resign }
0-1